| 000 | 01105cam a2200253 i 4500 | ||
|---|---|---|---|
| 999 |
_c58056 _d58056 |
||
| 001 | 17959297 | ||
| 005 | 20210602135247.0 | ||
| 008 | 131130s2014 nyu b 001 0 eng | ||
| 020 | _a9781626364059 | ||
| 041 | _aeng | ||
| 080 | _a376.2+616.896 B-24 | ||
| 100 | 1 |
_aBarton, Erin Elizabeth. _911943 |
|
| 245 | 1 | 0 |
_aEducating young children with autism spectrum disorders : _ba guide for teachers, counselors, and psychologists / _cErin E. Barton, Beth Harn. |
| 250 | _aFirst Skyhorse edition. | ||
| 264 | 1 |
_aNew York : _bSkyhorse Publishing, _c2014. |
|
| 300 |
_a318 pages ; _c24 cm. |
||
| 653 | _aაუტისტი ბავშვები | ||
| 653 | _aДети с аутизмом | ||
| 653 | _aაუტიზმის სპექტრის აშლილობის მქონე მცირეწლოვანი ბავშვების განათლება | ||
| 700 | 1 |
_aHarn, Beth. _911944 |
|
| 700 | 1 |
_aავტორი _911945 |
|
| 942 |
_2udc _cBK |
||
| 955 |
_bff07 2013-11-30 _iff07 2013-11-30 telework to Dewey _axn08 2015-04-02 1 copy rec'd., to CIP ver. |
||